| 000 | 00857cam a22001935a 4500 | ||
|---|---|---|---|
| 001 | L158102 | ||
| 008 | 140605s2014 xxk f 000 0 eng d | ||
| 035 | _a(Sirsi) u158102 | ||
| 041 | 0 | _aeng | |
| 110 | 2 |
_aGrant Thornton _93043 |
|
| 245 | 0 | 0 |
_aPrivate residential elderly care _bUK sector review _h[electronic resource] |
| 260 |
_aLondon _cGrant Thornton _b2014 |
||
| 520 | _aReviews the Private Residential Elderly care sector and seeks to provide lenders, financiers and corporates with an overview of the sector performance, trends and an assessment of the market. | ||
| 590 | _aKA | ||
| 651 | 4 | _aUnited Kingdom | |
| 690 |
_aCommercial property _96227 |
||
| 856 | 4 | 0 |
_uhttps://www.grant-thornton.co.uk/en/Publications/2014/Private-Residential-Elderly-Care-UK-sector-review/ _zView the item free of charge from the www.grant-thornton.co.uk |
| 942 | _n0 | ||
| 999 |
_c115142 _d115142 |
||